Baseball 2022 awards - Statistics

General Stats
  • This quiz has been taken 111 times
  • The average score is 12 of 15
Answer Stats
Hint Answer % Correct
AL MVP Aaron Judge
96%
Cy Young NL Sandy Alcantara
91%
Cy Young AL Justin Verlander
88%
World Series Winner
Astros
86%
MVP NL Paul Goldschmidt
84%
Reliever of the year NL Edwin Diaz
80%
NL Rookie of the year Micheal Harris ll
79%
NL Manager of the year Buck Showalter
77%
World Series MVP Jeremy Pena
75%
World Series Loser Phillies
75%
Reliever of the year AL Emmanuel Clase
73%
AL Manager of the year Terry Francona
70%
All Star game MVP Giancarlo Stanton
68%
AL rookie of the year Julio Rodriguez
68%
Roberto Clemente Reward Justin Turner
52%
No matching quizzes found
Score Distribution
Percent of People with Each Score
Percentile by Number Answered
Your Score History
You have not taken this quiz